|
|
|
|
| LEADER |
00829nam a2200217 a 4500 |
| 001 |
000459672 |
| 003 |
CZ BrMZK |
| 005 |
20100923135201.0 |
| 007 |
ta |
| 008 |
000105s1983 gw f ger d |
| 040 |
|
|
|a BOA001
|b cze
|
| 080 |
|
|
|a 796
|2 MRF
|
| 100 |
1 |
|
|a Belitz-Demiriz, Hannelore
|4 dis
|
| 245 |
1 |
0 |
|a Hallensportanlagen und Benutzerstruktur :
|b eine empirische Untersuchung der Beziehung zwischen der Spezifik des Sporthallenangebotes und sportbezogenem Freizeitverhalten /
|c Hannelore Belitz-Demiriz
|
| 260 |
|
|
|a Bochum :
|b H. Belitz-Demiriz,
|c 1983
|
| 300 |
|
|
|a 5, 205 s.
|
| 502 |
|
|
|a Disertace--Univerzita v Bochumu, 1983
|
| 710 |
2 |
|
|a Ruhr-Universität Bochum
|7 kn20010710603
|
| 910 |
|
|
|a BOA001
|b 2-0876.606
|
| 990 |
|
|
|a BK
|
| 996 |
7 |
|
|b 2619732718
|c 2-0876.606
|l MZK
|r Sklad / do 1 hodiny
|n 2
|w 000459672
|u 000010
|a 1
|e BOA001
|j MZK50
|s A
|